Statistics for Countries with roughly 10% of Population in their Capital City

Click here to take the quiz!

General Stats

  • This quiz has been taken 65 times
  • The average score is 3 of 12

Answer Stats

Percentage Rank Country Capital City % Correct
10.40%10JapanTokyo
72%
10.73%12IranTehran
51%
9.56%1BelgiumBrussels
40%
9.87%5DenmarkCopenhagen
39%
9.78%4RomaniaBucharest
21%
9.90%6SomaliaMogadishu
19%
10.06%7AngolaLuanda
18%
10.12%8Bosnia and HerzegovinaSarajevo
16%
9.63%2Federated States of MicronesiaPalikir
14%
9.74%3FijiSuva
14%
10.54%11BotswanaGaborone
11%
10.16%9EritreaAsmara
9%

Score Distribution

Percentile by Number Answered

Percent of People with Each Score

Your Score History

You have not taken this quiz